Женское освободительное движение в России. Феминизм, нигилизм и большевизм, 1860-1930: пер. с англ.

Dettagli Bibliografici
Autore principale: Стайтс Р. Ричард
Lingua:russo
Pubblicazione: Москва, Росспэн, 2004
Soggetti:
Natura: MixedMaterials Libro
KOHA link:https://koha.lib.tpu.ru/cgi-bin/koha/opac-detail.pl?biblionumber=67217

MARC

LEADER 00000nam0a2200000 4500
001 67217
005 20231031073357.0
010 |a 5824303878 
035 |a (RuTPU)RU\TPU\book\71579 
090 |a 67217 
100 |a 20040914d2004 km y0rusy50 ca 
101 1 |a rus  |c eng 
102 |a RU 
105 |a y z 001zy 
200 1 |a Женское освободительное движение в России. Феминизм, нигилизм и большевизм, 1860-1930  |e пер. с англ.  |f Р. Стайтс 
210 |a Москва  |c Росспэн  |d 2004 
215 |a 615 с. 
320 |a Именной указатель: с. 603-611. 
610 1 |a политика 
610 1 |a политическая история 
610 1 |a политические движения 
610 1 |a женские организации 
610 1 |a женская эмансипация 
610 1 |a Россия 
610 1 |a 19 век 
610 1 |a нигилизм 
610 1 |a большевизм 
610 1 |a сексуальная революция 
610 1 |a феминизм 
610 1 |a 20 век 
686 |a Ф74(2)  |v LBC/SL-A  |2 rubbk 
700 1 |a Стайтс  |b Р.  |g Ричард 
801 1 |a RU  |b 63413507  |c 20040914  |g PSBO 
801 2 |a RU  |b 63413507  |c 20210610  |g PSBO 
942 |c BK